| 000 | 00644 a2200193 4500 | ||
|---|---|---|---|
| 001 | 132759 | ||
| 020 | _a85-08-08756-X | ||
| 040 | _cLeonardo Da Vinci | ||
| 041 | _aPortuguês | ||
| 082 |
_aIJ R576a _bR576a |
||
| 100 | _aROCHA, Ruth | ||
| 245 | _aAlmanaque Ruth Rocha | ||
| 260 |
_bÁtica _c2004 _aSão Paulo |
||
| 300 | _a136 | ||
| 362 | _a20040000 | ||
| 500 | _aAlberto Linares (Ilustração) | ||
| 697 |
_aLiteratura infanto-juvenil _aContos _aDatas comemorativas _aBrincadeiras _aCharadas _aCanções _aEstações do ano _aExperiência científica _aFases da lua _aFolclore _aPiadas _aProvérbios _aBig Bang _aPoema _aFesta junina |
||
| 942 | _cBK | ||
| 999 |
_c132759 _d132759 |
||